UM Logo

Progressive prosecution in a pandemic / (Record no. 20578)

MARC details
000 -LEADER
fixed length control field 00825nam a2200217 4500
003 - CONTROL NUMBER IDENTIFIER
control field OSt
005 - DATE AND TIME OF LATEST TRANSACTION
control field 20260213090243.0
008 - FIXED-LENGTH DATA ELEMENTS--GENERAL INFORMATION
fixed length control field 240817b ||||| |||| 00| 0 eng d
040 ## - CATALOGING SOURCE
Transcribing agency 0
082 ## - DEWEY DECIMAL CLASSIFICATION NUMBER
Classification number DPer 364.05 J826 Summer-Fall 2020 v. 110 n. 3-4
100 ## - MAIN ENTRY--PERSONAL NAME
Personal name Flanders, Chad.
Relator term author.
9 (RLIN) 58106
245 ## - TITLE STATEMENT
Title Progressive prosecution in a pandemic /
Statement of responsibility, etc. Chad Flanders and Stephen Galoob.
260 ## - PUBLICATION, DISTRIBUTION, ETC. (IMPRINT)
Place of publication, distribution, etc. Evanston ;
Name of publisher, distributor, etc. Northwestern University Press ,
Date of publication, distribution, etc. Fall 2020.
300 ## - PHYSICAL DESCRIPTION
Extent Volume 110, pages 685-706 ;
Dimensions 26 cm.
500 ## - GENERAL NOTE
General note The Journal of Criminal Law & Criminology, vol. 110, no. 4, pages 685-706, Fall 2020.
650 #0 - SUBJECT ADDED ENTRY--TOPICAL TERM
Topical term or geographic name as entry element Criminal law.
9 (RLIN) 13336
650 #0 - SUBJECT ADDED ENTRY--TOPICAL TERM
Topical term or geographic name as entry element COVID-19 Pandemic, 2020
General subdivision Influence.
9 (RLIN) 53481
700 ## - ADDED ENTRY--PERSONAL NAME
Personal name Flanders, Chad.
Relator term author.
9 (RLIN) 58106
700 ## - ADDED ENTRY--PERSONAL NAME
Personal name Galoob, Stephen.
Relator term author.
9 (RLIN) 58107
942 ## - ADDED ENTRY ELEMENTS (KOHA)
Source of classification or shelving scheme Dewey Decimal Classification
Koha item type Periodicals
Holdings
Withdrawn status Lost status Source of classification or shelving scheme Damaged status Not for loan Collection code Home library Current library Date acquired Total Checkouts Full call number Date last seen Price effective from Koha item type Public note
    Dewey Decimal Classification     Periodicals UM Digos College - LIC UM Digos College - LIC 08/17/2024   DPer 364.05 J826 Summer-Fall 2020 v. 110 n. 3-4 08/17/2024 08/17/2024 Periodicals Periodical Article